[Event "Brasschaat op"]
[Site "Brasschaat"]
[Date "2023.08.20"]
[Round "2"]
[White "Tomov, Georgi"]
[Black "Engelaer, Maurice"]
[Result "1-0"]
[WhiteElo "2274"]
[BlackElo "1824"]
[PlyCount "29"]
[EventDate "2023.08.18"]
[EventType "swiss"]
[EventRounds "9"]
[EventCountry "BEL"]
[SourceTitle "EXT 2024"]
[Source "ChessBase"]
[SourceDate "2023.10.10"]
[SourceVersion "1"]
[SourceVersionDate "2023.10.10"]
[SourceQuality "1"]

1. Nf3 c5 2. c4 Nc6 3. Nc3 Nf6 4. d4 cxd4 5. Nxd4 e6 6. a3 Qb6 7. Ndb5 Ne5 8. Be3 Qc6 9. Nxa7 Rxa7 10. Bxa7 b6 11. Qd4 Nxc4 12. e4 d5 13. exd5 exd5 14. Bxc4 Bc5 15. Bb5 1-0

[Event "Bruges Masters op"]
[Site "Bruges"]
[Date "2021.08.16"]
[Round "4"]
[White "Roebers, Eline"]
[Black "Tomov, Georgi"]
[Result "1-0"]
[WhiteElo "2173"]
[BlackElo "2343"]
[PlyCount "123"]
[EventDate "2021.08.14"]
[EventType "swiss"]
[EventRounds "9"]
[EventCountry "BEL"]
[SourceTitle "CBM 203 Extra"]
[Source "ChessBase"]
[SourceDate "2021.09.30"]
[SourceVersion "1"]
[SourceVersionDate "2021.09.30"]
[SourceQuality "1"]

1. e4 c6 2. Nf3 d5 3. Nc3 dxe4 4. Nxe4 Nf6 5. Qe2 Nxe4 6. Qxe4 Nd7 7. Bc4 Nf6 8. Ne5 e6 9. Qe2 b5 10. Bd3 Qc7 11. b3 Nd5 12. Bb2 Be7 13. Be4 0-0 14. 0-0 f5 15. Bf3 Bf6 16. Rae1 a5 17. c4 bxc4 18. bxc4 Nf4 19. Qe3 Ng6 20. d4 Nxe5 21. dxe5 Be7 22. Bd4 Ba6 23. Bb6 Qb7 24. Rc1 Rf7 25. Rfd1 Bg5 26. Qxg5 Qxb6 27. c5 Qb2 28. Bxc6 Raf8 29. Qd2 Qxd2 30. Rxd2 Rc7 31. Ba4 Rb8 32. Rd7 Rxd7 33. Bxd7 Bc8 34. Ba4 Kf7 35. Bb3 Ke7 36. c6 Rb4 37. Rc4 Rxc4 38. Bxc4 Kd8 39. a4 Kc7 40. Bb5 Kb6 41. Kf1 g5 42. Ke2 Kc5 43. f4 g4 44. Kd3 Kd5 45. c7 Kc5 46. Kc3 Kd5 47. Kd3 Kc5 48. g3 h6 49. Kc3 Kd5 50. Bd3 Kc5 51. Bc4 Kb6 52. Kd4 Kc6 53. Bb5+ Kb6 54. Be8 Kxc7 55. Kc5 Kd8 56. Bc6 Kc7 57. Bb5 Bb7 58. Bc4 Bc8 59. Kb5 Kb7 60. Kxa5 Kc6 61. Kb4 Kb6 62. Bb5 1-0

[Event "BEL-chT 1920"]
[Site "Belgium"]
[Date "2019.09.29"]
[Round "1.2"]
[White "Leenhouts, Koen"]
[Black "Tomov, Georgi"]
[Result "1/2-1/2"]
[WhiteElo "2411"]
[BlackElo "2307"]
[PlyCount "49"]
[EventDate "2019.09.29"]
[EventType "team-tourn"]
[EventRounds "11"]
[EventCountry "BEL"]
[SourceTitle "CBM 195 Extra"]
[Source "ChessBase"]
[SourceDate "2020.05.31"]
[SourceVersion "1"]
[SourceVersionDate "2020.05.31"]
[SourceQuality "1"]
[WhiteTeam "KBSK Brugge"]
[BlackTeam "Europchess"]
[WhiteTeamCountry "BEL"]
[BlackTeamCountry "BEL"]

1. e4 e5 2. Nf3 Nf6 3. Nc3 Nc6 4. Bb5 Nd4 5. Bc4 Bc5 6. d3 d6 7. h3 a6 8. Be3 0-0 9. 0-0 Be6 10. Ng5 Bxc4 11. dxc4 Ne6 12. Nxe6 fxe6 13. Bxc5 dxc5 14. Qe2 Qe8 15. Qe3 b6 16. f4 exf4 17. Rxf4 Qh5 18. e5 Nd7 19. Re4 Rf5 20. Re1 Raf8 21. Ne2 Rxe5 22. Ng3 Rxe4 23. Qxe4 Qf7 24. Qxe6 Nf6 25. Qxf7+ 1/2-1/2

[Event "Berlin Lichtenrade op 14th"]
[Site "Berlin"]
[Date "2018.11.04"]
[Round "9"]
[White "Jesse, Timo"]
[Black "Tomov, Georgi"]
[Result "0-1"]
[WhiteElo "2064"]
[BlackElo "2330"]
[PlyCount "48"]
[EventDate "2018.10.27"]
[EventType "swiss"]
[EventRounds "9"]
[EventCountry "GER"]
[SourceTitle "CBM 187 Extra"]
[Source "ChessBase"]
[SourceDate "2018.11.04"]
[SourceVersion "1"]
[SourceVersionDate "2018.11.04"]
[SourceQuality "1"]

1. e4 c6 2. d4 d5 3. Nc3 dxe4 4. Nxe4 Nf6 5. Nxf6+ exf6 6. Bf4 Bd6 7. Qd2 Qe7+ 8. Be3 Be6 9. Bd3 Nd7 10. Ne2 Nb6 11. b3 Nd5 12. 0-0 Qc7 13. h3 0-0-0 14. c4 Nxe3 15. Qxe3 Rhe8 16. Qf3 Qd7 17. Rfd1 Bc7 18. Rac1 Qd6 19. Kf1 h5 20. Bf5 g6 21. Bxe6+ Rxe6 22. d5 cxd5 23. Rxd5 Qh2 24. Rcd1 Rde8 0-1

[Event "Berlin Lichtenrade op 14th"]
[Site "Berlin"]
[Date "2018.11.02"]
[Round "7"]
[White "Rakotomaharo, Fy Antenaina"]
[Black "Tomov, Georgi"]
[Result "1-0"]
[WhiteElo "2422"]
[BlackElo "2330"]
[PlyCount "91"]
[EventDate "2018.10.27"]
[EventType "swiss"]
[EventRounds "9"]
[EventCountry "GER"]
[SourceTitle "CBM 187 Extra"]
[Source "ChessBase"]
[SourceDate "2018.11.04"]
[SourceVersion "1"]
[SourceVersionDate "2018.11.04"]
[SourceQuality "1"]

1. e4 c6 2. d4 d5 3. e5 Bf5 4. Nf3 e6 5. Be2 c5 6. Be3 cxd4 7. Nxd4 Ne7 8. Nd2 Nbc6 9. N2f3 Be4 10. 0-0 Bxf3 11. Nxf3 g6 12. Qd2 Bg7 13. Bh6 0-0 14. Bxg7 Kxg7 15. Rfe1 Nf5 16. a4 Qe7 17. Ra3 Qb4 18. Qxb4 Nxb4 19. g4 Nxc2 20. gxf5 gxf5 21. Rb3 Nxe1 22. Nxe1 Rab8 23. Kg2 Rfc8 24. Nd3 Rc2 25. Nf4 Kf8 26. a5 Ke7 27. a6 Rg8+ 28. Kf3 b6 29. Bd3 Rc1 30. Ne2 Rc5 31. Ke3 f6 32. f4 fxe5 33. fxe5 Rg2 34. Nd4 Rxh2 35. Nb5 Rh3+ 36. Kd2 Rh2+ 37. Be2 Kd7 38. Nxa7 d4 39. Nb5 Rxe5 40. Nxd4 Ra5 41. Rxb6 h5 42. Kc3 h4 43. Bb5+ Kc7 44. Rc6+ Kb8 45. Rxe6 Ra1 46. Re7 1-0

[Event "Bruges Masters op"]
[Site "Bruges"]
[Date "2018.08.16"]
[Round "9"]
[White "Mehar, Chinna Reddy CH"]
[Black "Tomov, Georgi"]
[Result "1/2-1/2"]
[WhiteElo "2345"]
[BlackElo "2307"]
[PlyCount "23"]
[EventDate "2018.08.12"]
[EventType "swiss"]
[EventRounds "9"]
[EventCountry "BEL"]
[SourceTitle "CBM 186 Extra"]
[Source "ChessBase"]
[SourceDate "2018.08.24"]
[SourceVersion "1"]
[SourceVersionDate "2018.08.24"]
[SourceQuality "1"]

1. d4 d5 2. Bf4 Nf6 3. e3 e6 4. Nf3 Bd6 5. Bg3 0-0 6. Nbd2 b6 7. Ne5 Bb7 8. Bd3 c5 9. c3 Nc6 10. 0-0 Qc7 11. Ndf3 Ne4 12. Nxc6 1/2-1/2

[Event "Bruges Masters op"]
[Site "Bruges"]
[Date "2018.08.15"]
[Round "8"]
[White "Ouaki, Mark"]
[Black "Tomov, Georgi"]
[Result "0-1"]
[WhiteElo "1592"]
[BlackElo "2307"]
[PlyCount "42"]
[EventDate "2018.08.12"]
[EventType "swiss"]
[EventRounds "9"]
[EventCountry "BEL"]
[SourceTitle "CBM 186 Extra"]
[Source "ChessBase"]
[SourceDate "2018.08.24"]
[SourceVersion "1"]
[SourceVersionDate "2018.08.24"]
[SourceQuality "1"]

1. e4 c6 2. d4 d5 3. exd5 cxd5 4. c4 Nf6 5. Nc3 Nc6 6. Nf3 g6 7. cxd5 Nxd5 8. Bc4 Nb6 9. Bb5 Bg7 10. 0-0 0-0 11. Be3 Bf5 12. Bxc6 bxc6 13. Rc1 Nd5 14. Ne2 Qb6 15. b3 Rac8 16. Re1 Rfd8 17. Nf4 e5 18. Nxd5 Rxd5 19. Qe2 exd4 20. Bd2 h6 21. Qc4 Qd8 0-1

[Event "Bruges Masters op"]
[Site "Bruges"]
[Date "2018.08.15"]
[Round "7"]
[White "Tomov, Georgi"]
[Black "Zeng, Chongsheng"]
[Result "0-1"]
[WhiteElo "2307"]
[BlackElo "2539"]
[PlyCount "114"]
[EventDate "2018.08.12"]
[EventType "swiss"]
[EventRounds "9"]
[EventCountry "BEL"]
[SourceTitle "CBM 186 Extra"]
[Source "ChessBase"]
[SourceDate "2018.08.24"]
[SourceVersion "1"]
[SourceVersionDate "2018.08.24"]
[SourceQuality "1"]

1. e4 c5 2. Nf3 Nc6 3. Bb5 Nf6 4. Bxc6 bxc6 5. e5 Nd5 6. 0-0 g6 7. c4 Nc7 8. d4 cxd4 9. Qxd4 Ne6 10. Qh4 h5 11. Nc3 Bg7 12. Re1 d6 13. Rd1 0-0 14. Ne4 c5 15. Bd2 Bb7 16. Bc3 Bxe4 17. Qxe4 Qb6 18. exd6 exd6 19. Qe3 Rfe8 20. Bxg7 Nxg7 21. Qc3 Nf5 22. Re1 a5 23. h3 Qb4 24. Qxb4 axb4 25. Rxe8+ Rxe8 26. Kf1 Kf8 27. a4 bxa3 28. Rxa3 Rb8 29. b3 Ke7 30. Ke2 h4 31. Kd3 Kf6 32. Kc3 Re8 33. Ra2 g5 34. b4 cxb4+ 35. Kxb4 Re4 36. Kc3 g4 37. Nd2 Rf4 38. hxg4 Rxg4 39. f3 Rg6 40. Ne4+ Ke5 41. Kd3 Kf4 42. Rb2 Ne3 43. c5 dxc5 44. Nxc5 Nxg2 45. Ke2 Kg3 46. Ne4+ Kh2 47. Kf2 f5 48. Nc3 Nf4 49. Rb5 Re6 50. Kf1 Re3 51. Nd5 Rxf3+ 52. Ke1 Nxd5 53. Rxd5 h3 54. Rd8 Kg2 55. Rd2+ Kg1 56. Rd8 Re3+ 57. Kd2 Rg3 0-1

[Event "Charleroi op"]
[Site "Charleroi"]
[Date "2017.07.31"]
[Round "3"]
[White "Miezis, Normunds"]
[Black "Tomov, Georgi"]
[Result "1-0"]
[WhiteElo "2447"]
[BlackElo "2273"]
[PlyCount "69"]
[EventDate "2017.07.29"]
[EventType "swiss"]
[EventRounds "9"]
[EventCountry "BEL"]
[SourceTitle "CBM 179 Extra"]
[Source "ChessBase"]
[SourceDate "2017.08.23"]
[SourceVersion "1"]
[SourceVersionDate "2017.08.23"]
[SourceQuality "1"]

1. c4 e6 2. e4 d5 3. exd5 exd5 4. d4 Nf6 5. Nc3 Bb4 6. Bd3 0-0 7. Nge2 dxc4 8. Bxc4 Nc6 9. 0-0 Bd6 10. f3 h6 11. Be3 Ne7 12. Bf2 Be6 13. Bxe6 fxe6 14. Qb3 Qd7 15. Ne4 Nxe4 16. fxe4 c6 17. Bg3 Bxg3 18. Qxg3 Rad8 19. Rad1 Qd6 20. Rxf8+ Kxf8 21. Nf4 g5 22. e5 Qd7 23. Nh5 Nf5 24. Qc3 Nxd4 25. Rf1+ Nf5 26. g4 Qd4+ 27. Qxd4 Rxd4 28. gxf5 exf5 29. Rxf5+ Ke7 30. Ng7 b5 31. Rf6 Rd1+ 32. Kf2 Rd2+ 33. Ke3 Rxb2 34. Nf5+ Ke8 35. e6 1-0

[Event "Charleroi op"]
[Site "Charleroi"]
[Date "2017.07.29"]
[Round "1"]
[White "Tomov, Georgi"]
[Black "Callier, Christophe"]
[Result "1-0"]
[WhiteElo "2273"]
[BlackElo "1997"]
[PlyCount "79"]
[EventDate "2017.07.29"]
[EventType "swiss"]
[EventRounds "9"]
[EventCountry "BEL"]
[SourceTitle "CBM 179 Extra"]
[Source "ChessBase"]
[SourceDate "2017.08.23"]
[SourceVersion "1"]
[SourceVersionDate "2017.08.23"]
[SourceQuality "1"]

1. Nf3 Nc6 2. d4 d5 3. Bf4 Bg4 4. e3 e6 5. Be2 Nf6 6. h3 Bf5 7. 0-0 Bd6 8. Bxd6 cxd6 9. c4 dxc4 10. Bxc4 d5 11. Bb5 0-0 12. Nbd2 Rc8 13. Qa4 a6 14. Bxc6 Rxc6 15. Rfc1 Rxc1+ 16. Rxc1 Qb8 17. Qa5 Rc8 18. Rc3 h6 19. Ne5 Rxc3 20. Qxc3 Ne4 21. Nxe4 Bxe4 22. Qc5 Qd8 23. f3 Bb1 24. a4 f6 25. Ng4 Bf5 26. Nf2 Bg6 27. a5 e5 28. Nd1 exd4 29. exd4 Bf7 30. Ne3 Qd7 31. Kf2 h5 32. h4 g5 33. Qc2 Qb5 34. hxg5 fxg5 35. Qc8+ Kh7 36. Qf8 Qxb2+ 37. Kg3 Kg6 38. Qd6+ Kh7 39. Nf5 h4+ 40. Kh2 1-0

[Event "Leiden LCT op-A 11th"]
[Site "Leiden"]
[Date "2017.07.16"]
[Round "3"]
[White "Pijpers, Arthur"]
[Black "Tomov, Georgi"]
[Result "1/2-1/2"]
[WhiteElo "2457"]
[BlackElo "2273"]
[PlyCount "64"]
[EventDate "2017.07.14"]
[EventType "swiss"]
[EventRounds "9"]
[EventCountry "NED"]
[SourceTitle "CBM 179 Extra"]
[Source "ChessBase"]
[SourceDate "2017.08.23"]
[SourceVersion "1"]
[SourceVersionDate "2017.08.23"]
[SourceQuality "1"]

1. e4 c6 2. d4 d5 3. e5 c5 4. dxc5 e6 5. Be3 Nh6 6. Nf3 Nc6 7. Bxh6 gxh6 8. Bb5 Qa5+ 9. Nc3 Bg7 10. Qd4 0-0 11. Bxc6 bxc6 12. 0-0 f6 13. Rfe1 Rb8 14. a3 fxe5 15. Nxe5 Rxb2 16. Re2 Ba6 17. Rd2 Rf5 18. f4 Rb7 19. Qe3 Rbf7 20. Nxf7 Rxf7 21. Rb1 Qxc3 22. Rb8+ Rf8 23. Qxe6+ Kh8 24. Rxf8+ Bxf8 25. Rd1 Qxc5+ 26. Kh1 Qe7 27. Qxc6 Bb7 28. Qc3+ Qg7 29. Qxg7+ Kxg7 30. c4 Bxa3 31. cxd5 Kf7 32. Rb1 Bxd5 1/2-1/2

[Event "Rilton Cup 44th"]
[Site "Stockholm"]
[Date "2015.01.02"]
[Round "6"]
[White "Hedman, Erik"]
[Black "Tomov, Georgi"]
[Result "1-0"]
[WhiteElo "2375"]
[BlackElo "2257"]
[PlyCount "71"]
[EventDate "2014.12.27"]
[EventType "swiss"]
[EventRounds "9"]
[EventCountry "SWE"]
[SourceTitle "CBM 164 Extra"]
[Source "ChessBase"]
[SourceDate "2015.03.02"]
[SourceVersion "1"]
[SourceVersionDate "2015.03.02"]
[SourceQuality "1"]

1. d4 f5 2. Nf3 Nf6 3. g3 b6 4. Bg2 Bb7 5. 0-0 e6 6. c4 Be7 7. Nc3 0-0 8. Qc2 Na6 9. Bg5 c5 10. Rad1 Ne4 11. Bxe7 Qxe7 12. Nxe4 fxe4 13. Ne5 d5 14. e3 Rac8 15. b3 cxd4 16. exd4 Nb4 17. Qd2 Ba6 18. Rfe1 Nc6 19. Nxc6 Rxc6 20. cxd5 exd5 21. f3 Re6 22. fxe4 dxe4 23. Re3 Rd8 24. Rde1 Bd3 25. Bh3 Rh6 26. Rxd3 Rxh3 27. Rde3 Qg5 28. Qc3 h5 29. Rxe4 h4 30. Qc4+ Kh7 31. Qf1 Rxh2 32. Kxh2 Qxg3+ 33. Kh1 Rf8 34. Qg2 Qc3 35. Rxh4+ Kg8 36. Qd5+ 1-0

[Event "Rilton Cup 44th"]
[Site "Stockholm"]
[Date "2014.12.30"]
[Round "4"]
[White "Tomov, Georgi"]
[Black "Goganov, Aleksey"]
[Result "0-1"]
[WhiteElo "2257"]
[BlackElo "2615"]
[PlyCount "86"]
[EventDate "2014.12.27"]
[EventType "swiss"]
[EventRounds "9"]
[EventCountry "SWE"]
[SourceTitle "CBM 164 Extra"]
[Source "ChessBase"]
[SourceDate "2015.03.02"]
[SourceVersion "1"]
[SourceVersionDate "2015.03.02"]
[SourceQuality "1"]

1. d4 Nf6 2. c4 e6 3. Nc3 Bb4 4. Qc2 0-0 5. Nf3 c5 6. dxc5 Na6 7. g3 Nxc5 8. Bg2 b6 9. 0-0 Bb7 10. a3 Bxc3 11. Qxc3 Rc8 12. b4 Nce4 13. Qd4 Qc7 14. Bb2 Qxc4 15. Rfc1 Qxe2 16. Re1 Qc4 17. Qxc4 Rxc4 18. Ne5 Rc2 19. Nd3 d5 20. Rec1 Rfc8 21. b5 Nxf2 22. Rxc2 Rxc2 23. Rc1 Rxc1+ 24. Nxc1 N2e4 25. Nd3 a6 26. Bd4 axb5 27. Bxb6 Nd7 28. Bd4 Nd6 29. Nc5 Nxc5 30. Bxc5 Nc4 31. Kf2 f6 32. h4 Kf7 33. Bh3 Bc6 34. Ke2 g6 35. Kd3 f5 36. Kc3 e5 37. Kb4 Ke6 38. Bf1 Nd6 39. Ba7 d4 40. Bb8 Ne4 41. Ba7 Nxg3 42. Bxb5 Bxb5 43. Kxb5 d3 0-1

[Event "Teteven op 29th"]
[Site "Teteven"]
[Date "2014.08.13"]
[Round "5"]
[White "Petrov, Martin"]
[Black "Tomov, Georgi"]
[Result "1-0"]
[WhiteElo "2160"]
[BlackElo "2296"]
[PlyCount "67"]
[EventDate "2014.08.09"]
[EventType "swiss"]
[EventRounds "9"]
[EventCountry "BUL"]
[SourceTitle "CBM 162 Extra"]
[Source "ChessBase"]
[SourceDate "2014.10.17"]
[SourceVersion "1"]
[SourceVersionDate "2014.10.17"]
[SourceQuality "1"]

1. e4 e5 2. Nf3 Nc6 3. Bc4 Bc5 4. c3 Nf6 5. d4 exd4 6. e5 d5 7. Bb5 Ne4 8. cxd4 Bb6 9. Be3 0-0 10. Nc3 Bg4 11. h3 Bf5 12. 0-0 f6 13. Rc1 Nxc3 14. Rxc3 fxe5 15. Bxc6 exd4 16. Nxd4 Bxd4 17. Qxd4 bxc6 18. Rxc6 Rf7 19. Rfc1 Be4 20. f3 Bg6 21. Rxc7 a6 22. R7c5 Rf5 23. Rc7 Bf7 24. Qc3 h6 25. Bd4 Qg5 26. Re1 Rf8 27. Ree7 h5 28. Be5 h4 29. f4 Qh5 30. Bxg7 Rd8 31. Qd4 Kh7 32. Be5 Qg6 33. Qf2 Qh5 34. Rxf7+ 1-0

[Event "Charleroi op"]
[Site "Charleroi"]
[Date "2013.08.03"]
[Round "9"]
[White "Ringoir, Tanguy"]
[Black "Tomov, Georgi"]
[Result "1-0"]
[WhiteElo "2471"]
[BlackElo "2301"]
[PlyCount "61"]
[EventDate "2013.07.27"]
[EventType "swiss"]
[EventRounds "9"]
[EventCountry "BEL"]
[SourceTitle "CBM 155 Extra"]
[Source "ChessBase"]
[SourceDate "2013.08.26"]
[SourceVersion "1"]
[SourceVersionDate "2013.08.26"]
[SourceQuality "1"]

1. d4 d5 2. c4 e6 3. Nc3 Nf6 4. cxd5 exd5 5. Bg5 Be7 6. e3 c6 7. Qc2 Nbd7 8. Bd3 h6 9. Bf4 Nb6 10. Nge2 Nh5 11. Be5 Bd6 12. h3 Bxe5 13. dxe5 g5 14. 0-0-0 Qe7 15. f4 Qc5 16. Qd2 Bd7 17. f5 Ng7 18. Nd4 0-0-0 19. g4 h5 20. Kb1 Nc4 21. Bxc4 dxc4 22. e6 fxe6 23. f6 Ne8 24. Nxe6 Qa5 25. Nxd8 Qxd8 26. f7 Nc7 27. Rhf1 Ne6 28. Qd6 Nf8 29. e4 hxg4 30. hxg4 Qb6 31. Qe5 1-0

[Event "Charleroi op"]
[Site "Charleroi"]
[Date "2013.07.30"]
[Round "5"]
[White "Kveinys, Aloyzas"]
[Black "Tomov, Georgi"]
[Result "1-0"]
[WhiteElo "2479"]
[BlackElo "2301"]
[PlyCount "101"]
[EventDate "2013.07.27"]
[EventType "swiss"]
[EventRounds "9"]
[EventCountry "BEL"]
[SourceTitle "CBM 155 Extra"]
[Source "ChessBase"]
[SourceDate "2013.08.26"]
[SourceVersion "1"]
[SourceVersionDate "2013.08.26"]
[SourceQuality "1"]

1. d4 Nf6 2. Nf3 e6 3. c4 d5 4. Bg5 Bb4+ 5. Nbd2 h6 6. Bxf6 Qxf6 7. a3 Bxd2+ 8. Qxd2 0-0 9. e3 Nd7 10. Qc3 dxc4 11. Bxc4 c5 12. 0-0 cxd4 13. Nxd4 b6 14. Bb5 a6 15. Be2 e5 16. Nf3 Re8 17. Rfd1 Nc5 18. Rd5 Bb7 19. Rxe5 Red8 20. Rh5 Qxc3 21. bxc3 Na4 22. c4 Nc3 23. Bf1 Bxf3 24. gxf3 Rd6 25. Rh4 Rad8 26. c5 bxc5 27. Rc1 Na2 28. Rxc5 Rd1 29. Kg2 Nc1 30. Bxa6 Ra8 31. Rc8+ Rxc8 32. Bxc8 Nd3 33. Rd4 Ne1+ 34. Kg3 Rxd4 35. exd4 Nc2 36. a4 Nxd4 37. a5 Nc6 38. a6 Kf8 39. Bb7 Na7 40. Kf4 Ke7 41. Ke5 f6+ 42. Kd5 Kd7 43. Kc5 Kc7 44. f4 g6 45. h3 g5 46. fxg5 fxg5 47. f3 h5 48. Kd5 Nb5 49. Ke5 Nd6 50. Kf6 g4 51. fxg4 1-0

[Event "Leuven op 24th"]
[Site "Leuven"]
[Date "2012.11.04"]
[Round "3"]
[White "Hovhannisyan, Mher"]
[Black "Tomov, Georgi"]
[Result "1-0"]
[WhiteElo "2468"]
[BlackElo "2279"]
[PlyCount "71"]
[EventDate "2012.11.01"]
[EventType "swiss"]
[EventRounds "7"]
[EventCountry "BEL"]
[SourceTitle "EXT 2013"]
[Source "ChessBase"]
[SourceDate "2012.11.22"]
[SourceVersion "1"]
[SourceVersionDate "2012.11.22"]
[SourceQuality "1"]

1. d4 Nf6 2. c4 e6 3. Nc3 Bb4 4. e3 0-0 5. Nge2 d5 6. a3 Be7 7. Nf4 c6 8. g4 dxc4 9. Bxc4 e5 10. dxe5 Qxd1+ 11. Nxd1 Nxg4 12. e6 f5 13. Bd2 Ne5 14. Ba2 Nf3+ 15. Ke2 Nxd2 16. Kxd2 Na6 17. Nc3 Nc7 18. Rag1 Rd8+ 19. Kc2 Kf8 20. h4 g6 21. e4 Bd6 22. Nxg6+ hxg6 23. Rxg6 Be5 24. exf5 Ke7 25. Re1 Bxc3 26. bxc3 Ne8 27. h5 b6 28. h6 Ba6 29. h7 Bd3+ 30. Kc1 Nf6 31. Rg7+ Kd6 32. e7 Re8 33. Re6+ Kd7 34. Rxf6 Rxe7 35. Be6+ Kd6 36. Bg8+ 1-0